[Event "Paris ChessMates 3rd"]
[Site "Paris"]
[Date "2019.03.31"]
[Round "5.1"]
[White "Avetisyan, Gagik1111"]
[Black "Catalan, Ciro"]
[Result "1-0"]
[WhiteElo "1474"]
[BlackElo "1599"]
[PlyCount "105"]
[EventDate "2019.03.29"]
[EventType "team-tourn"]
[EventRounds "5"]
[EventCountry "FRA"]
[SourceTitle "CBM 189 Extra"]
[Source "ChessBase"]
[SourceDate "2019.06.03"]
[SourceVersion "1"]
[SourceVersionDate "2019.06.03"]
[SourceQuality "1"]
[WhiteTeam "Ireland"]
[BlackTeam "Rotterdam Pathena"]
[WhiteTeamCountry "IRL"]
[BlackTeamCountry "NED"]

1. d4 d5 2. c4 c6 3. Nc3 Nf6 4. Nf3 e6 5. g3 dxc4 6. Bg2 Nbd7 7. 0-0 Be7 8. Bg5 h6 9. Bxf6 Nxf6 10. Ne5 0-0 11. Nxc4 Qc7 12. e3 Bd7 13. Rc1 Rac8 14. Ne5 Qb8 15. Ne4 Rfd8 16. Nc5 Be8 17. Qb3 Bxc5 18. Rxc5 Nd7 19. Nxd7 Bxd7 20. Rfc1 b6 21. R5c3 Qb7 22. Qa4 b5 23. Qc2 Qa6 24. a3 Qa5 25. Bxc6 Bxc6 26. Rxc6 Rxc6 27. Qxc6 Qd2 28. Qc3 Qe2 29. Kg2 Qh5 30. Qa5 Qd5+ 31. Kg1 Rd7 32. Rc5 Qf3 33. Qxb5 Rb7 34. Qd3 g6 35. Rb5 Rc7 36. Rc5 Rb7 37. b4 Kg7 38. Qc3 Kg8 39. Rc8+ Kh7 40. d5 g5 41. Qd3+ Kg7 42. Qd4+ Kh7 43. Rh8+ Kg6 44. Qd3+ Kg7 45. Qh7+ Kf6 46. Qxh6+ Ke7 47. Qxg5+ Kd6 48. Rd8+ Rd7 49. Qf4+ Qxf4 50. Rxd7+ Kxd7 51. dxe6+ Kxe6 52. gxf4 Kd5 53. h4 1-0

[Event "NED-ch U14"]
[Site "Rotterdam"]
[Date "2016.05.07"]
[Round "9"]
[White "Brands, Kevin"]
[Black "Catalan, Ciro"]
[Result "1/2-1/2"]
[WhiteElo "1289"]
[BlackElo "975"]
[PlyCount "103"]
[EventDate "2016.04.29"]
[EventType "swiss"]
[EventRounds "9"]
[EventCountry "NED"]
[SourceTitle "CBM 172 Extra"]
[Source "ChessBase"]
[SourceDate "2016.06.21"]
[SourceVersion "1"]
[SourceVersionDate "2016.06.21"]
[SourceQuality "1"]

1. e4 c5 2. Nf3 d6 3. d4 cxd4 4. Nxd4 Nf6 5. Nc3 a6 6. f4 Nbd7 7. Nf3 Qc7 8. Bd3 e6 9. Be3 b5 10. Nd4 Bb7 11. g4 b4 12. Nce2 Nxe4 13. Rf1 Be7 14. f5 e5 15. Nb3 Bh4+ 16. Ng3 Nxg3 17. hxg3 Bxg3+ 18. Bf2 Bf4 19. Bh4 g5 20. fxg6 hxg6 21. Qe2 Rxh4 22. Rxf4 Ke7 23. Rxf7+ Kxf7 24. Qf2+ Nf6 25. Qxh4 Kg7 26. g5 Ng8 27. Qxb4 Rb8 28. Qh4 Qb6 29. Kd2 e4 30. Rh1 e3+ 31. Ke2 Bxh1 32. Qxh1 Rf8 33. Qe4 Rf2+ 34. Ke1 Rf5 35. Nd4 Qa5+ 36. c3 Rxg5 37. Ne6+ Kf7 38. Nxg5+ Qxg5 39. Bc4+ Kg7 40. Bxg8 Kxg8 41. Qe8+ Kg7 42. Qd7+ Kh6 43. Qh3+ Kg7 44. Qd7+ Kh6 45. Qh3+ Kg7 46. Ke2 Qb5+ 47. Kxe3 Qxb2 48. Qd7+ Kh6 49. Qh3+ Kg7 50. Qd7+ Kh6 51. Qh3+ Kg7 52. Qd7+ 1/2-1/2

[Event "NED-ch U14"]
[Site "Rotterdam"]
[Date "2016.04.30"]
[Round "2"]
[White "Catalan, Ciro"]
[Black "Tang, Charlie"]
[Result "0-1"]
[WhiteElo "975"]
[BlackElo "1902"]
[PlyCount "110"]
[EventDate "2016.04.29"]
[EventType "swiss"]
[EventRounds "9"]
[EventCountry "NED"]
[SourceTitle "CBM 172 Extra"]
[Source "ChessBase"]
[SourceDate "2016.06.21"]
[SourceVersion "1"]
[SourceVersionDate "2016.06.21"]
[SourceQuality "1"]

1. d4 d5 2. c4 c6 3. Nf3 Nf6 4. cxd5 cxd5 5. Nc3 Nc6 6. Bf4 e6 7. e3 Qa5 8. a3 Ne4 9. Qc2 Bb4 10. Rc1 Bxc3+ 11. bxc3 Qxa3 12. Nd2 Nxd2 13. Qxd2 0-0 14. Bd3 Na5 15. Qc2 f5 16. 0-0 b6 17. Ra1 Qe7 18. Rfb1 Bd7 19. Ba6 Bc6 20. h3 Qd7 21. Qd3 h6 22. Be5 Rfd8 23. Qe2 Qf7 24. Kh1 Rd7 25. Rb2 Bb7 26. Bb5 Rdd8 27. Bd3 Rdc8 28. Rc1 Nc6 29. Bh2 Na5 30. Rb4 Qe7 31. Rc2 Qd8 32. Kg1 a6 33. Qh5 b5 34. Bf4 Qf6 35. Qf3 Bc6 36. Be5 Qf7 37. Ra2 Nb7 38. Rb3 Nd8 39. Ra5 Be8 40. Rba3 Qb7 41. Qg3 Nc6 42. Bxb5 Nxa5 43. Bxe8 Rxe8 44. Rxa5 Rec8 45. Ra3 Ra7 46. Qg6 Qf7 47. Qg3 a5 48. Kf1 Kh7 49. Ke2 Qb7 50. Kf3 Qb1 51. h4 Rb7 52. Qf4 Ra8 53. Kg3 g5 54. hxg5 hxg5 55. Qf3 Qh1 0-1